Historia militar de la Guerra del Pacífico entre Chile, Perú i Bolivia, 1879-1883
Guardat en:
| Autor principal: | |
|---|---|
| Format: | Llibre |
| Idioma: | espanyol |
| Publicat: |
Santiago
Sociedad Imprenta i Litografía Universo, Galería Alessandri 20
1917
|
| Edició: | 1a. ed |
| Matèries: | |
| Etiquetes: |
Afegir etiqueta
Sense etiquetes, Sigues el primer a etiquetar aquest registre!
|
MARC
| LEADER | 00000nam a2200000 a 4500 | ||
|---|---|---|---|
| 001 | UCJ4831 | ||
| 003 | CL-VaPUC | ||
| 008 | 070124e19170000CL |||||||||||||||||spa|d | ||
| 082 | 0 | 4 | |a 983 |b EKD |2 21 |
| 100 | 0 | |a Ekdahl, Wilhelm |e author |9 509224 | |
| 245 | 1 | 0 | |a Historia militar de la Guerra del Pacífico entre Chile, Perú i Bolivia, 1879-1883 |
| 250 | |a 1a. ed | ||
| 300 | |a 2 v | ||
| 942 | |c BK | ||
| 945 | |d 20070124 00:00:00 |a rinostro | ||
| 260 | |a Santiago |b Sociedad Imprenta i Litografía Universo, Galería Alessandri 20 |c 1917 | ||
| 500 | |a Advierte errata. El v. 1 contiene, fuera de texto, las siguientes cartas y, o croquis: 1, Mapa de América del Sur con la situación de los países beligerantes, escala 1:14.000.000; 2, Teatro de operaciones en el Desierto de Atacama; 3, Asalto de Calama; 4, Combates de Iquique y Punta Gruesa; 5, Combate de Angamos; 6, Teatro de operaciones de Tarapacá; 7, Desembarco en Pisagua; 8, Combate de Dolores; 9, Batalla de Tarapacá. En el v. 2: 10, Teatro de operaciones; 11, Croquis del campo de combate de Los Anjeles; 12, Id Batalla de Tacna y, 13, id Batalla de Arica | ||
| 650 | 0 | |a Guerra del Pacífico |9 314886 | |
| 650 | 0 | |a Operaciones militares |9 372045 | |
| 650 | 0 | |a Mapas |9 260844 | |
| 650 | 7 | |a DOCUMENTOS |2 CL-VaPUC |9 366450 | |
| 650 | 7 | |a FUENTES |2 CL-VaPUC |9 255666 | |
| 650 | 0 | |a Historia de Chile |9 265473 | |
| 651 | 7 | |a CHILE |2 CL-VaPUC |9 509225 | |
| 651 | 0 | |a Bolivia |9 255454 | |
| 651 | 0 | |a Perú |9 256567 | |
| 651 | 7 | |a IQUIQUE |2 CL-VaPUC |9 357757 | |
| 651 | 7 | |a PISAGUA |2 CL-VaPUC |9 440310 | |
| 651 | 0 | |a Calama |9 447366 | |
| 651 | 7 | |a LIMA |2 CL-VaPUC |9 350186 | |
| 583 | |a last modification |c 20070124 00:00:00 |k Rodrigo Vera | ||
| 999 | |c 320946 |d 320944 | ||
| 952 | |0 0 |1 0 |4 0 |6 983_000000000000000_EKD_1917 |7 0 |8 X |9 399586 |a FDOBUD |b FDOBUD |d 2019-11-22 |h v.1 |i 1026445 |o 983 EKD 1917 |p 1026445 |r 2019-11-22 |w 2019-11-22 |y BK_X |k BUD | ||
| 952 | |0 0 |1 0 |4 0 |6 983_000000000000000_EKD_1917 |7 0 |8 X |9 399587 |a FDOBUD |b FDOBUD |d 2019-11-22 |h v.2 |i 1026453 |o 983 EKD 1917 |p 1026453 |r 2019-11-22 |w 2019-11-22 |y BK_X |k BUD | ||